ბათუმის შოთა რუსთაველის სახელმწიფო უნივერსიტეტის ბიბლიოთეკა

One grave at a time: a night huntress novel (ბიბ.ჩანაწერი № 45757)

000 -LEADER
fixed length control field 00490nam a2200205Ia 4500
001 - CONTROL NUMBER
control field 12584
003 - CONTROL NUMBER IDENTIFIER
control field GE_BSU
008 - FIXED-LENGTH DATA ELEMENTS--GENERAL INFORMATION
fixed length control field 181216s||||||||xx |||||||||||||| ||und||
040 ## - CATALOGING SOURCE
Transcribing agency GE_BSU
080 ## - UNIVERSAL DECIMAL CLASSIFICATION NUMBER
Universal Decimal Classification number 821.111-312.4
100 ## - MAIN ENTRY--PERSONAL NAME
Personal name Frost,Jeaniene
245 ## - TITLE STATEMENT
Title One grave at a time: a night huntress novel
260 ## - PUBLICATION, DISTRIBUTION, ETC.
Place of publication, distribution, etc. New York
260 ## - PUBLICATION, DISTRIBUTION, ETC.
Name of publisher, distributor, etc. Avon books
260 ## - PUBLICATION, DISTRIBUTION, ETC.
Date of publication, distribution, etc. 2008
300 ## - PHYSICAL DESCRIPTION
Extent 372p.18cm.
653 ## - INDEX TERM--UNCONTROLLED
Uncontrolled term novel
653 ## - INDEX TERM--UNCONTROLLED
Uncontrolled term One grave at a time: a night huntress novel
942 ## - ADDED ENTRY ELEMENTS (KOHA)
Koha item type წიგნი
ეგზემპლარები
Withdrawn status Lost status Damaged status Not for loan Date acquired Barcode Date last seen Price effective from Koha item type
        2018-12-17 35837 2018-12-17 2018-12-17 წიგნი